Jit's. Here to Stay. Managing for Succes : Konf. 4th International Conference on Just in-Time Manufacturing, 17-18 October 1989, London

Gespeichert in:
Bibliographische Detailangaben
Format: Buch
Sprache:Englisch
Veröffentlicht: Berlin : Springer Verlag, 1989
Tags: Tag hinzufügen
Keine Tags, Fügen Sie das erste Tag hinzu!

MARC

LEADER 00000nam a22000003a 4500
001 stu31385
005 20150408181038.7
008 931025s1989----gw------------------eng-d
020 |a 3-540-19601-3 
040 |a STU  |b slo 
041 0 |a eng 
044 |a gw 
080 |a 658.5 
245 |a Jit's. Here to Stay. Managing for Succes :  |b Konf. 4th International Conference on Just in-Time Manufacturing, 17-18 October 1989, London 
260 |a Berlin :  |b Springer Verlag,  |c 1989 
300 |a 306 s 
996 |b J87996  |c J*87996  |l JJST  |s P  |a 0  |w stu31385_0001